Foundations of soft case-based reasoning
Sparad:
| Huvudupphovsman: | |
|---|---|
| Materialtyp: | Bok |
| Språk: | Undetermined |
| Publicerad: |
Hoboken, N.J.
John Wiley & Sons
2004
|
| Ämnen: | |
| Taggar: |
Lägg till en tagg
Inga taggar, Lägg till första taggen!
|
| Thư viện lưu trữ: | Trung tâm Học liệu Trường Đại học Cần Thơ |
|---|
| LEADER | 00543nam a2200193Ia 4500 | ||
|---|---|---|---|
| 001 | CTU_131210 | ||
| 008 | 210402s9999 xx 000 0 und d | ||
| 020 | |c 115 | ||
| 082 | |a 006.3 | ||
| 082 | |b P153 | ||
| 100 | |a Pal, Sankar K. | ||
| 245 | 0 | |a Foundations of soft case-based reasoning | |
| 245 | 0 | |c Sankar K. Pal, Simon C.K. Shiu | |
| 260 | |a Hoboken, N.J. | ||
| 260 | |b John Wiley & Sons | ||
| 260 | |c 2004 | ||
| 650 | |a Soft computing.,Case-based reasoning. | ||
| 904 | |i Minh | ||
| 980 | |a Trung tâm Học liệu Trường Đại học Cần Thơ | ||